100 Biggest Cities in Ireland - Statistics

General Stats
  • This quiz has been taken 627 times
  • The average score is 11 of 100
Answer Stats
Rank Population City % Correct
1 1,024,000 Dublin
99%
2 190,000 Cork
95%
5 71,000 Gaillimh
76%
7 48,000 Waterford
67%
16 22,000 Kilkenny
47%
18 20,000 Sligo
46%
10 33,000 Dundalk
35%
9 33,000 Drogheda
34%
14 23,000 Tralee
31%
12 24,000 Ennis
28%
28 16,000 Athlone
26%
79 8,000 Kildare
26%
37 14,000 Wicklow
25%
19 20,000 Carlow
23%
26 17,000 Letterkenny
22%
58 10,000 Derry
21%
25 17,000 An Muileann gCearr
20%
17 21,000 Naas
20%
11 25,000 Navan
20%
8 37,000 Swords
20%
61 10,000 Shannon
19%
40 13,000 Castlebar
17%
54 11,000 Cobh
17%
85 8,000 Longford
17%
56 10,000 Ballina
16%
38 14,000 Portlaoise
16%
4 90,000 Luimneach
15%
3 185,000 Dún Laoghaire
14%
45 12,000 Arklow
12%
46 12,000 Tullamore
12%
39 13,000 Greystones
10%
13 23,000 Balbriggan
9%
32 15,000 Lucan
9%
29 16,000 Malahide
9%
64 9,000 Mallow
9%
43 13,000 Maynooth
9%
88 8,000 Thurles
9%
6 64,000 Tallaght
8%
42 13,000 Athy
7%
22 20,000 Celbridge
7%
89 8,000 Dungarvan
7%
60 10,000 Enniscorthy
7%
30 15,000 Leixlip
6%
62 10,000 Skerries
6%
99 7,000 Youghal
6%
47 11,000 Ashbourne
5%
71 9,000 Midleton
5%
72 9,000 Blackrock
4%
90 7,000 Cill Airne
4%
36 15,000 Clondalkin
4%
95 7,000 Lusk
4%
84 8,000 Portarlington
4%
65 9,000 Portmarnock
4%
49 11,000 Rathmines
4%
27 17,000 Blanchardstown
3%
34 15,000 Carrigaline
3%
44 12,000 Dundrum
3%
74 9,000 Ballyfermot
2%
77 8,000 Castleknock
2%
24 17,000 Cluain Meala
2%
48 11,000 Crumlin
2%
96 7,000 Dunboyne
2%
21 20,000 Finglas
2%
20 20,000 Loch Garman
2%
92 7,000 Raheny
2%
69 9,000 Ratoath
2%
94 7,000 Templeogue
2%
86 8,000 Terenure
2%
80 8,000 Baldoyle
1%
75 9,000 Ballinteer
1%
73 9,000 Beaumont
1%
93 7,000 Booterstown
1%
57 10,000 Cabinteely
1%
53 11,000 Donnybrook
1%
87 8,000 Donnycarney
1%
23 19,000 Droichead Nua
1%
100 7,000 Firhouse
1%
41 13,000 Foxrock
1%
52 11,000 Jobstown
1%
35 15,000 Knocklyon
1%
51 11,000 Laytown
1%
50 11,000 Marino
1%
83 8,000 Mount Merrion
1%
91 7,000 Palmerstown
1%
76 8,000 Rathgar
1%
78 8,000 Ringsend
1%
97 7,000 Sallynoggin
1%
15 22,000 Sandyford
1%
70 9,000 Sandymount
1%
55 10,000 Shankill
1%
67 9,000 Trá Mhór
1%
66 9,000 An Ros
0%
68 9,000 Balally
0%
63 10,000 Ballyboden
0%
82 8,000 Cherry Orchard
0%
31 15,000 Donaghmeade
0%
98 7,000 Greenhills
0%
33 15,000 Kilquade
0%
81 8,000 Little Bray
0%
59 10,000 Oldbawn
0%
No matching quizzes found
Score Distribution
Percent of People with Each Score
Percentile by Number Answered
Your Score History
You have not taken this quiz